Batman näyttelijät - Statistics

Yleistilastot
  • Tätä visaa on pelattu 29 kertaa
  • Keskiarvotulos 5 / 7
Vastaustilastot
Kuvavisa Hint Vastaus % Oikein
2005-2012 Christian Bale
86%
1966-1968 Adam West
77%
1989-1992, 2023 Michael Keaton
77%
1997 George Clooney
73%
1995 Val Kilmer
68%
2016-2023 Ben Affleck
64%
2022- Robert Pattinson
55%
Ehtoja vastaavia visoja ei löytynyt
Tulosjakauma
Jokaisen tuloksen saaneiden osuus
Persentiili vastausten määrän mukaan
Tuloshistoriasi
Et ole pelannut tätä visaa